书目信息 |
| 题名: |
唐宋八大家文选
|
|
| 作者: | 吕俞梅 选编 | |
| 分册: | ||
| 出版信息: | 天津 天津人民出版社 2018 |
|
| 页数: | 390页 | |
| 开本: | 24cm | |
| 丛书名: | 国学精粹 | |
| 单 册: | ||
| 中图分类: | I264.2 | |
| 科图分类: | ||
| 主题词: | 唐宋八大家--古典散文--散文集 | |
| 电子资源: | ||
| ISBN: | 978-7-201-12784-2 | |
| 000 | 00778oam2 2200241 450 | |
| 001 | 2361852998 | |
| 005 | 20231117121149.74 | |
| 010 | @a978-7-201-12784-2@dCNY59.80 | |
| 100 | @a20190612d2018 em y0chiy50 ea | |
| 101 | 0 | @achi |
| 102 | @aCN@b120000 | |
| 105 | @ay z 000cy | |
| 200 | 1 | @a唐宋八大家文选@Atang song ba da jia wen xuan@f吕俞梅选编 |
| 210 | @a天津@c天津人民出版社@d2018 | |
| 215 | @a390页@d24cm | |
| 225 | 2 | @a国学精粹 |
| 330 | @a本书选录的是唐宋八大家中一些富有思想教育意义和艺术上具有借鉴性、启发性的作品,可以陶冶情操、揣摩文理,并充分领略古代散文的精美。 | |
| 410 | 0 | @12001 @a国学精粹 |
| 606 | 0 | @a唐宋八大家@x古典散文@x散文集 |
| 690 | @aI264.2@v5 | |
| 701 | 0 | @a吕俞梅@Alu yu mei@4选编 |
| 801 | 0 | @aCN@b91MARC@c20190612 |
| 905 | @aZUCC@dI264.2@e10 | |
| 唐宋八大家文选/吕俞梅选编.-天津:天津人民出版社,2018 |
| 390页;24cm.-(国学精粹) |
| ISBN 978-7-201-12784-2:CNY59.80 |
| 本书选录的是唐宋八大家中一些富有思想教育意义和艺术上具有借鉴性、启发性的作品,可以陶冶情操、揣摩文理,并充分领略古代散文的精美。 |
| ● |
| 相关链接 |
|
|
|
正题名:唐宋八大家文选
索取号:I264.2/10
 
预约/预借
| 序号 | 登录号 | 条形码 | 馆藏地/架位号 | 状态 | 备注 |
| 1 | 2001017971 | 2001017971 | 315书库/四39架B面1层1列/ [索取号:I264.2/10] | 在馆 | |
| 2 | 2001017972 | 2001017972 | 315书库/四39架B面1层1列/ [索取号:I264.2/10] | 在馆 | |
| 3 | 2001017973 | 2001017973 | 315书库/四39架B面1层1列/ [索取号:I264.2/10] | 在馆 | |
| 4 | 2001017974 | 2001017974 | 315书库/四39架B面1层1列/ [索取号:I264.2/10] | 在馆 | |
| 5 | 2001017975 | 2001017975 | 315书库/四39架B面1层1列/ [索取号:I264.2/10] | 在馆 | |
| 6 | 2001017976 | 2001017976 | 315书库/四39架B面1层1列/ [索取号:I264.2/10] | 在馆 |